000 00245nam a2200109Ia 4500
008 220204s9999 xx 000 0 und d
082 _a82-3
_bIND
100 _aIndrani Sawkar
245 0 _aWeeds
260 _aNew Delhi
_bVishv Vijay
942 _cBK
999 _c29101
_d29101